| 000 | 00435 a2200169 4500 | ||
|---|---|---|---|
| 005 | 20250122104426.0 | ||
| 008 | 241009b |||||||| |||| 00| 0 eng d | ||
| 020 | _a9789354893896 | ||
| 080 | _aJOR/A | ||
| 100 | _aJorgenson, Eric | ||
| 245 |
_aThe almanack of naval Ravikant _b: a guide to wealth and happiness |
||
| 260 |
_bHarper _aHaryana _c2021 |
||
| 300 | _a239p. | ||
| 653 | _aSelf-Help | ||
| 653 | _aSuccess | ||
| 942 | _cBK | ||
| 999 |
_c113676 _d113675 |
||